All Weapons in Valorant - Statistics

General Stats
  • This quiz has been taken 631 times
    112 since last reset
  • The average score is 18 of 19
Answer Stats
Type Answer % Correct
Sniper Rifles Operator
100%
Rifles Vandal
100%
Sidearms Ghost
99%
Rifles Phantom
99%
Sidearms Sheriff
99%
SMGs Spectre
99%
Sidearms Classic
98%
Melee Tactical Knife
97%
Sniper Rifles Marshal
96%
Machine Guns Odin
96%
Sidearms Shorty
96%
Machine Guns Ares
94%
Shotguns Bucky
94%
Rifles Bulldog
93%
Sidearms Frenzy
93%
Shotguns Judge
93%
Sniper Rifles Outlaw
91%
Rifles Guardian
90%
SMGs Stinger
90%
No matching quizzes found
Score Distribution
Percent of People with Each Score
Percentile by Number Answered
Your Score History
You have not taken this quiz since the last reset